1898 1009 1872 1041 1487 1999 1026 1201 1801 1464 1164 1258 1689 1072 1348 1808 1788 1088 1549 1439 1614 1186 1880 1552 1193 1146 1664 1781 1151 1960 1374 1746 1584 1820 1964 1168 1696 1218 1743 1256 1788 1293 1806 1804 1927 1457 1530 1462 1037 1246 1541 1579 1769 1812 1568 1447 1470 1806 1815 1233 1373 1042 1895 1016 1787 1933 1676 1564 1308 1957 1444 1231 1144 1190 1647 1701 1114 1923 1247 1941 1200 1362 1384 1321 1301 1569 1683 1659 1837 1786 1272 1503 1230 1395 1363 1512 1208 1440 1800 BCNSPRNW ULIB Ver.6.0+V

เปลี่ยนเป็นภาษาไทย

Change to English
 แสดงรายละเอียดบรรณานุกรม
  กลับหน้าหลัก

Brief Record : Get Marc (ISO 2709) : E-mail record : QR code < ปิดหน้าต่าง
LEADER : 00000nam 2200000uu 4500
001    13399111442
003     ULIB
008    110627s||||||||th 000 0 tha d
020    9786165001472
090    นว.^bน231ด 2554
100 0  นราเกตต์
245 00 ดาวห่มฟ้า/^cนราเกตต์
250    พิมพ์ครั้งที่ 2
260    นนทบุรี :^bพิมพ์คำ,^c2554
300    484 หน้า
945    ^p270^l0^i030182
995    ทศพร
999 ^a ใช้งานได้ทุกระบบ
รายการนี้ยังไม่มีแท็ก
คุณยังไม่ได้ล็อกอิน คุณสามารถมีกิจกรรมร่วมกับเว็บไซต์ได้ แต่ต้องล็อกอินก่อน ::
  ล็อกอิน

รายการสื่อสารสนเทศ

ลำดับที่ ประเภท เลขเรียก/บาร์โค้ด สถานที่ สถานะ
1. นวนิยาย
นวนิยาย
นว. น231ด 2554 ฉ.1 
  Barcode: 030182
ห้องสมุดวิทยาเขตสวรรค์ประชารักษ์
►นวนิยาย
บนชั้น
  ขอยืม

BibComment


ยังไม่เคยถูกคอมเมนท์

คอมเมนท์ทรัพยากรรายการนี้
  คอมเมนท์: ดาวห่มฟ้า นราเกตต์


 Copyright 2026. Bcnsprnw @Library